Devinettes - Série 02 - Statistiques

Statistiques générales
  • Ce quiz a été pris 985 fois
  • Le résultat moyen est 5 sur 10
Statistiques - réponses
Définition Indice Solution % Correct
Quel est le pain préféré du magicien ? 8B Baguette
88%
Elle a une couronne et vit dans un palais 4D Dent
68%
Dans ce sport, tout le monde est toujours d'accord 6H Hockey
65%
Elle peut être dans la mer et dans le ciel 6E Etoile
63%
Quel est le fruit que les poissons détestent le plus ? 5P Pêche
56%
C'est le poisson préféré des zèbres 4R Raie
55%
Plus il est chaud et plus il est frais 4P Pain
48%
En hiver il a perdu presque toute ses feuilles, mais ce n'est pas un arbre C10 Calendrier
28%
Il a des dents mais il ne mange pas 6P Peigne
23%
C'est l'animal qui a le plus froid 6C Caille
19%
Aucun quiz correspondant
Distribution des résultats
% des personnes avec chaque résultat
Percentile par nombre de réponses
Votre historique - résultats
Vous n’avez pas pris ce quiz